| 000 | 01135cad a22001935a 4500 | ||
|---|---|---|---|
| 001 | L154612 | ||
| 008 | 120105s2011 xxk f 000 0 eng d | ||
| 035 | _a(Sirsi) u154612 | ||
| 041 | 0 | _aeng | |
| 110 | 2 |
_aUnited Kingdom _bHM Treasury |
|
| 245 | 0 | 0 |
_aInfrastructure cost review _bcharter commitments _h[electronic resource] |
| 260 |
_aLondon _bHM Treasury _c2011 |
||
| 520 | _aThis charter establishes the high-level objectives and behavioural changes needed to reduce the costs of infrastructure delivery. These objectives are set out in the commitments made in the Government's Plan for Growth at Budget 2011, the Infrastructure Cost Review: Implementation Plan (March 2011) and are consistent with the Government's Construction Strategy (May 2011). The Charter aims to change behaviours and working practice for infrastructure delivery. | ||
| 590 | _aKA | ||
| 651 | 4 |
_aUnited Kingdom _y |
|
| 690 | _aPROPERTY-INFRASTRUCTURE | ||
| 856 | 4 | 0 |
_uhttps://www.constructionproducts.org.uk/newsdesk/dbfiles/IUK%20Infrastructure%20Charter%20June%202011.pdf _zView the document free of charge at www.constructionproducts.org.uk |
| 942 | _n0 | ||
| 999 |
_c113066 _d113066 |
||